| 000 | 00464nam a2200193Ia 4500 | ||
|---|---|---|---|
| 003 | IN-BaIIA | ||
| 008 | 211028s9999 xx 000 0 eng d | ||
| 040 | _cIIA Library | ||
| 080 |
_a523.43 _bLOW |
||
| 100 |
_aLowell, Percival _91377 |
||
| 245 | 0 |
_aMars _cPercival Lowell |
|
| 250 | _a2nd ed. | ||
| 260 |
_aLondon _bLongmans, Green _c1896 |
||
| 300 | _ax, 228p. | ||
| 650 | _aArchives | ||
| 650 |
_aMars _91378 |
||
| 650 |
_aPlanetary Systems _9965 |
||
| 942 | _cBK | ||
| 999 |
_c634 _d634 |
||